Oportunidades y desafíos de la juventud en América Latina y el Caribe

Uloženo v:
Podrobná bibliografie
Médium: Text
Témata:
Tagy: Přidat tag
Žádné tagy, Buďte první, kdo vytvoří štítek k tomuto záznamu!

MARC

LEADER 00000 a a2200000 04500
001 10230
003
040
245 |a Oportunidades y desafíos de la juventud en América Latina y el Caribe  
650 |a JUVENTUD  
650 |a ASPECTOS DEMOGRAFICOS  
650 |a ELABORACION DE POLITICAS  
773 |g número 16; páginas 7  
999 |c 26215  |d 26215